| 000 | 00609nam a2200121Ia 4500 | ||
|---|---|---|---|
| 008 | 220615s9999||||xx |||||||||||||| ||und|| | ||
| 245 | 0 |
_aChangement climatique _bQuels défis pour le Sud ? |
|
| 546 | _aEnglish[eng] | ||
| 650 | _aSociology||changement||climatique||climat||environnement||risque||COP21||Écosystème||Sud | ||
| 700 | _aJanicot, Serge||Reinert, Magali | ||
| 856 | _uhttps://library.oapen.org/bitstream/20.500.12657/24926/1/1005180.pdf||https://library.oapen.org/bitstream/20.500.12657/24926/1/1005180.pdf||https://library.oapen.org/bitstream/20.500.12657/24926/1/1005180.pdf | ||
| 942 | _cEB | ||
| 999 |
_c16545 _d16545 |
||